|
|
|
|
| LEADER |
00854nam a22002417a 4500 |
| 001 |
28461 |
| 003 |
BD-DhAAL |
| 005 |
20141019105331.0 |
| 008 |
141019s20102003ii ||||| |||| 00| 0 eng d |
| 020 |
|
|
|a 8129101149
|
| 040 |
|
|
|a BD-DhAAL
|c BD-DhAAL
|
| 082 |
|
|
|2 22
|a 808.83/1
|
| 100 |
|
|
|a Lawrence, D.H.
|9 5706
|
| 245 |
|
|
|a Best of D.H. Lawrence /
|c D.H. Lawrence
|
| 260 |
|
|
|a New Delhi :
|b Rupa. Co.,
|c 2003 [Third impression 2010]
|
| 300 |
|
|
|a 246 p. :
|c 18 cm.
|
| 490 |
|
|
|a Rupa Classics
|
| 541 |
|
|
|e 28461
|
| 650 |
|
|
|a Short stories
|9 5661
|
| 852 |
|
|
|a Ayesha Abed Libary
|c General Stacks
|
| 942 |
|
|
|2 ddc
|c BK
|
| 999 |
|
|
|c 32940
|d 32940
|
| 952 |
|
|
|0 0
|1 0
|2 ddc
|4 0
|6 808_831000000000000_LAW
|7 0
|9 43862
|a BRACUL
|b BRACUL
|c GEN
|d 2014-10-19
|e Friends Book Corner
|g 160.00
|l 0
|o 808.831 LAW
|p 3010028461
|r 2014-10-19
|t 1
|w 2014-10-19
|y BK
|x Transferred from BIL to BRACUL on 06/06/22
|